000
00281nam a2200121Ia 4500
005
20260328104324.0
008
260328s9999||||xx |||||||||||||| ||und||
100
_a
Munro, George
245
0
_a
Ecubujo De Chiloe /
_c
George Munro
260
_b
Chile
650
_a
DIBUJO
942
_c
BK
999
_c
11443
_d
11443